Neurophysiology III / (Record no. 3884)
[ view plain ]
| 000 -LEADER | |
|---|---|
| fixed length control field | 00768cam a2200205Ji 4500 |
| 003 - CONTROL NUMBER IDENTIFIER | |
| control field | ALUPE UNIVERSITY COLLEGE |
| 005 - DATE AND TIME OF LATEST TRANSACTION | |
| control field | 20220218103927.0 |
| 008 - FIXED-LENGTH DATA ELEMENTS--GENERAL INFORMATION | |
| fixed length control field | 220218b ||||| |||| 00| 0 eng d |
| 020 ## - INTERNATIONAL STANDARD BOOK NUMBER | |
| International Standard Book Number | 0839110677 |
| 040 ## - CATALOGING SOURCE | |
| Transcribing agency | ALUPE UNIVERSITY COLLEGE |
| 050 0# - LIBRARY OF CONGRESS CALL NUMBER | |
| Classification number | QP355.2 |
| Item number | .N48 1978 |
| Classification number | QP355.2 |
| 245 00 - TITLE STATEMENT | |
| Title | Neurophysiology III / |
| Statement of responsibility, etc. | edited by Robert Porter. |
| 260 ## - PUBLICATION, DISTRIBUTION, ETC. | |
| Place of publication, distribution, etc. | Baltimore : |
| Name of publisher, distributor, etc. | University Park Press, |
| Date of publication, distribution, etc. | c1978. |
| 300 ## - PHYSICAL DESCRIPTION | |
| Extent | ix, 300 p. : |
| Other physical details | ill. ; |
| Dimensions | 24 cm. |
| 504 ## - BIBLIOGRAPHY, ETC. NOTE | |
| Bibliography, etc. note | Includes bibliographies and index. |
| 650 #0 - SUBJECT ADDED ENTRY--TOPICAL TERM | |
| Topical term or geographic name entry element | Neurophysiology. |
| Authority record control number or standard number | http://id.loc.gov/authorities/subjects/sh85091159 |
| 700 1# - ADDED ENTRY--PERSONAL NAME | |
| Personal name | Porter, Robert, |
| Dates associated with a name | 1932- |
| Authority record control number or standard number | http://id.loc.gov/authorities/names/n88630280 |
| 830 #0 - SERIES ADDED ENTRY--UNIFORM TITLE | |
| Authority record control number or standard number | http://id.loc.gov/authorities/names/n42037787 |
| Volume/sequential designation | v. 17. |
| 942 ## - ADDED ENTRY ELEMENTS (KOHA) | |
| Source of classification or shelving scheme | |
| Koha item type | Book |
| Withdrawn status | Lost status | Source of classification or shelving scheme | Damaged status | Not for loan | Permanent Location | Current Location | Shelving location | Date acquired | Source of acquisition | Total Checkouts | Full call number | Barcode | Date last seen | Price effective from | Koha item type | Public note | Copy number |
|---|---|---|---|---|---|---|---|---|---|---|---|---|---|---|---|---|---|
| AU LIBRARY | AU LIBRARY | Open Shelf | 18.02.2022 | DONATION FROM MOI UNIVERSITY | QP355.2 .N48 1978 | 28005456 | 18.02.2022 | 18.02.2022 | Book | WO | |||||||
| AU LIBRARY | AU LIBRARY | Open Shelf | 18.03.2022 | DONATION FROM MOI UNIVERSITY | QP355.2 .N48 1978 C2 | 28006104 | 18.03.2022 | 18.03.2022 | Book | DO | 2 | ||||||
| AU LIBRARY | AU LIBRARY | Open Shelf | 23.03.2022 | DONATION FROM MOI UNIVERSITY | QP355.2 .N48 1978 C3 | 28006769 | 23.03.2022 | 23.03.2022 | Book | SM | 3 | ||||||
| AU LIBRARY | AU LIBRARY | Open Shelf | 25.03.2022 | DONATION FROM MOI UNIVERSITY | QP355.2 .N48 1978 Vol.17 C4 | 28006846 | 25.03.2022 | 25.03.2022 | Book | CM | 4 |